| 000 | 00994nam a2200253 a 4500 | ||
|---|---|---|---|
| 001 | 000047298 | ||
| 005 | 20201002053527.0 | ||
| 008 | 180426s2014 dr a 000 0 spa d | ||
| 020 | _a9789945118865 (v.1) | ||
| 020 | _a9789945118896 (v. 2) | ||
| 020 | _a9789945118896 (v. 3) | ||
| 040 |
_aDO-SdBNP _bspa _cBNPHU |
||
| 082 |
_axxxx _bS237m, |
||
| 100 | 1 |
_aSantos, Altagracia _96594 |
|
| 245 | 1 | 0 |
_aMatemáticas 3 : _beducación primaria / _cAltagracia Santos, Andrés Molina Moloon; dirección editorial Claudia Llibre ; ilustración Ruddy Núñez... [et. al]. |
| 260 |
_aSanto Domingo : _bSantillana, _c2014. |
||
| 300 |
_av. : ; _c29 cm. |
||
| 505 | 0 |
_gv. 1. _tlibro de texto _gv. 2. _tGuía didáctica para profesores _gv. 3. _tCuaderno, fichas de actividades |
|
| 590 | _aInventariado, 2018/VM | ||
| 700 | 1 |
_aMolina Moloon, Andrés _96595 |
|
| 700 | 1 |
_aLlibre, Claudia _eed. _930462 |
|
| 700 | 1 |
_aNúñez, Ruddy, _eil. _923171 |
|
| 710 | 2 |
_aEditorial Santillana (República Dominicana) _974902 |
|
| 999 |
_c46786 _d46786 |
||